| 000 | 00694nam a22002177a 4500 | ||
|---|---|---|---|
| 999 |
_c5967 _d5967 |
||
| 003 | AR-CdUCM | ||
| 008 | 190313b ||||| |||| 00| 0 spa d | ||
| 040 |
_aMUNICIPALIDAD PROVINCIAL DEL CUSCO _cBIBLIOTECA MUNICIPAL DEL CUSCO |
||
| 082 |
_a779.947 / _bB17 |
||
| 245 | _aMoscu / | ||
| 260 |
_aMoscu : _bPlaneta, _c1989. |
||
| 300 |
_a189 páginas ; _bfotografías ; _c35 cm. |
||
| 650 |
_aMoscu-Rusia _917496 |
||
| 650 |
_aFotografías _913109 |
||
| 700 |
_aBalanenko, Yuri (composición) _917497 |
||
| 700 |
_aRajmánov, Nikolai (fotografo) _917498 |
||
| 700 |
_aBisti, Dmitri (dibujante) _917499 |
||
| 700 |
_aKostrítsina, Marina (traductora) _917500 |
||
| 942 |
_2ddc _cLIBROS |
||
| 945 | _azta | ||